Missing Word: Time Travel Movies A-Z Quiz Stats

 Plays Quiz Updated May 30, 2015

Challenge
Share
Tweet
Embed
Score 0/26 Timer 03:00
0 Plays Today
Movie Title Missing Word % Correct
Back to the _____ (1985)Future
98%
Bill & Ted's Excellent _____ (1989)Adventure
96.4%
13 Going _____ 30 (2004)On
95.8%
The _____ Machine (1960)Time
95.3%
Déjà _____ (2006)Vu
94.5%
Somewhere _____ Time (1980)In
94%
_____ Tub Time Machine (2010)Hot
90.5%
Twilight _____: The Movie (1983)Zone
88.8%
Peggy _____ Got Married (1986)Sue
88.5%
Masters of the _____ (1987)Universe
86.1%
The Butterfly _____ (2004)Effect
84.7%
_____ Darko (2001)Donnie
84.6%
Galaxy _____ (1999)Quest
82.2%
Movie Title Missing Word % Correct
The Time Traveler's _____ (2009)Wife
81.8%
_____ Visiting (2001)Just
81.7%
_____: Days of Future Past (2014)X-Men
76.2%
_____ Lola _____ (1998)Run
76.1%
_____ & Leopold (2001)Kate
73.2%
Twelve _____ (1995)Monkeys
72.4%
A Connecticut _____ in King Arthur's Court (1949)Yankee
68.3%
The Final _____ (1980)Countdown
64.4%
_____ Day (1993)Groundhog
63.2%
Time _____ (1981)Bandits
46.1%
The _____ House (2006)Lake
34.3%
Flight of the _____ (1986)Navigator
29.4%
The _____ Experiment (1984)Philadelphia
22.3%

Today's Daily Dose

Missing Word
Biopics

Word Ladder
Food Idioms

Quick Pick
Diets

On This Day
December 18th II

You're not logged in!

Compare scores with friends on all Sporcle quizzes.
OR
Log In

You Might Also Like...

Show Comments

Extras

Top Quizzes Today


Score Distribution

Your Account Isn't Verified!

In order to create a playlist on Sporcle, you need to verify the email address you used during registration. Go to your Sporcle Settings to finish the process.

Report this User

Report this user for behavior that violates our Community Guidelines.

Details: